000 00849nam a22002777a 4500
999 _c4018
_d4018
001 18516
003 BD-DhUAP
005 20200316144950.0
008 200316s20041998mau b 001 0 eng d
020 _a1405106956
020 _a1405106964
040 _aDLC
_cDLC
_dBD-DhUAP
_bEng
082 0 0 _223
_a801 LIT
245 0 0 _aLiterary theory :
_ban anthology /
_cedited by Julie Rivkin and Michael Ryan.
250 _a2nd ed.
260 _aMalden, Mass. :
_bBlackwell,
_c1998 [2004].
300 _axxii, 1130 pages ;
_c23 cm.
504 _aIncludes bibliographical references and index.
650 0 _aLiterature
_xPhilosophy.
650 0 _aLiterature
_xHistory and criticism
_xTheory, etc.
700 1 _aRivkin, Julie.
700 1 _aRyan, Michael.
942 0 0 _01
_2ddc
_cBK